| 000 | 00436nam a2200169Ia 4500 | ||
|---|---|---|---|
| 003 | LK-CoDNM | ||
| 005 | 20240723120453.0 | ||
| 008 | 010623t1931 xxu||||| |||| 00| 1 eng d | ||
| 040 |
_aLK-CoDNM _dLK-CoDNM _eLK-CoDNM |
||
| 041 | _aeng | ||
| 080 |
_a8 _bBB41 |
||
| 100 | _aWales,H.G.Quaritch. | ||
| 245 | _aSiamese state Ceremonies | ||
| 260 |
_bBernard Quaritch Ltd _aLondon _c1931 |
||
| 300 | _bxiv, 326p. : ill ; 24 cm | ||
| 942 | _cBK | ||
| 999 |
_c95723 _d95723 |
||